000 00514nam a2200145 i 4500
001 65056
003 ES-MaACL
007 t|
008 040108s1910 sp ||||1| spa d
100 1 _aFranquelo y Romero, Ramón.
_952343
245 1 0 _aFrases impropias, barbarismos, solecismos y extrangerismos de uso más frecuente en la prensa y en la conversación /
_cpor Ramón Franquelo y Romero.
260 _aMálaga :
_b[s.n.],
_c1910 (
_fTip. de El Progreso)
300 _a260 p. ;
_c20 cm.
852 _aES-MaACL
_jG-1843
999 _c65056
_d65056